| 000 | 00530cam a2200205ua 4500 | ||
|---|---|---|---|
| 001 | 1460 | ||
| 008 | 110709n ii |||gr||||Z||||||eng | ||
| 020 | _a81-85099-20-0 | ||
| 040 | _cMAIN | ||
| 082 | _a301 | ||
| 100 | 1 |
_aSharma, R. N., _eAuthor. |
|
| 245 | 1 |
_aHistory of social thought _cby R. N. Sharma |
|
| 250 | _a1st. | ||
| 260 |
_aBombay: _bMedia Promoters & publishers, _c2003. |
||
| 300 |
_a442p: _c23cm. |
||
| 653 | _aSociology | ||
| 653 | _aHistory of social thought | ||
| 700 |
_aSharma, R. K., _eAuthor. |
||
| 942 | _cBK | ||
| 999 |
_c1349 _d1349 |
||